000 00571cam a22002053a 4500
001 45539
003 PGUSA
005 20140828084043.0
008 140430s2014||||xxu|||||s|||||000 | eng d
040 _aPGUSA
_beng
042 _adc
100 1 _aOnions, Oliver,
_d1873-1961
245 1 4 _aThe Compleat Bachelor
_h[electronic resource] /
_cOliver Onions
260 _bProject Gutenberg,
_c2014
506 _aPublic domain in the USA.
516 _aElectronic text
830 0 _aProject Gutenberg
_v45539
856 4 0 _uhttp://www.gutenberg.org/ebooks/45539
942 _cEB
999 _c274790
_d274790